MARC

LEADER 00000nam0a2200000 4500
001 66540
005 20231031072353.0
010 |a 5724505126 
035 |a (RuTPU)RU\TPU\book\70731 
035 |a RU\TPU\book\36693 
090 |a 66540 
100 |a 20040825d1990 m y0rusy50 ca 
101 0 |a rus 
102 |a RU 
105 |a y j 001zy 
200 1 |a Экономика химической промышленности  |f под ред. В. Л. Клименко 
210 |a Ленинград  |c Химия  |d 1990 
215 |a 287 с. 
610 1 |a химия 
610 1 |a химическая промышленность 
610 1 |a экономика 
610 1 |a СССР 
610 1 |a учебники 
610 1 |a научно-технический прогресс 
610 1 |a сырьевая база 
610 1 |a топливно-энергетическая база 
610 1 |a кадры 
610 1 |a заработная плата 
610 1 |a материально-техническое обеспечение 
610 1 |a планирование 
610 1 |a финансы 
610 1 |a внешнеэкономические связи 
675 |a 66:658(075.8)  |v 3 
702 1 |a Клименко  |b В. Л.  |g Владимир Леонидович  |4 340 
801 1 |a RU  |b 63413507  |c 20040825  |g PSBO 
801 2 |a RU  |b 63413507  |c 20191128  |g PSBO 
900 |a Химия 
942 |c BK